Penjodoh bilangan

Bibliographic Details
Main Author: Suzie binti Mat Harun
Other Authors: Fuad bin Ismail, Maslina binti Ramli
Format: Book
Published: Kuala Lumpur : Fargoes , 2005
Edition:Edisi Terkini Cetakan -14
Series:Siri kamus cerdik KBSR
Subjects:

MARC

LEADER 00000cam a2200000 7i4500
001 0000000246
005 20151222.0
008 070628
020 |a 9831517180 
090 0 0 |a DIC   |b MAL (638) 
100 0 |a Suzie binti Mat Harun 
245 1 0 |a Penjodoh bilangan   |c Suzie binti Mat Harun,Maslina binti Ramli and Fuad bin Ismail 
250 |a Edisi Terkini Cetakan -14 
260 |a Kuala Lumpur :   |b Fargoes ,   |c 2005 
440 |a Siri kamus cerdik KBSR 
500 |a Children ages 7-9 years old (orange) 
650 0 |a Dictionary   |x Malay   |x Languages 
700 0 |a Fuad bin Ismail 
700 0 |a Maslina binti Ramli 
999 |a 0000878202   |b Book   |c Children Collection   |e Cawangan Tmn. Ungku Tun Aminah 
999 |a 0000898289   |b Book   |c Children Collection   |e Cawangan Pontian 
999 |a 0000898290   |b Book   |c Children Collection   |e Cawangan Pontian 
999 |a 0000913806   |b Book   |c REFERENCE   |e Cawangan Bandar Tenggara 
999 |a 0000913807   |b Book   |c REFERENCE   |e Cawangan Bandar Tenggara 
999 |a 0000913808   |b Book   |c REFERENCE   |e Cawangan Bandar Tenggara 
999 |a 0000913809   |b Book   |c REFERENCE   |e Cawangan Bandar Tenggara 
999 |a 0000953086   |b Book   |c REFERENCE   |e Perbadanan Perpustakaan Awam Johor 
999 |a 0000953087   |b Book   |c REFERENCE   |e Cawangan Bukit Gambir 
999 |a 0000953088   |b Book   |c REFERENCE   |e Cawangan Muar 
999 |a 0000953090   |b Book   |c Children Collection   |e Cawangan Taman Universiti